| 000 | 00685 a2200169 4500 | ||
|---|---|---|---|
| 020 | _a0123116333 | ||
| 040 |
_aDLC _bDLC |
||
| 082 | 0 | 0 | _a005.8 |
| 100 | 1 | _aHarrington, Jan L. | |
| 245 | 1 | 0 |
_aNetwork security: a practical approach _ba practical approach _cJan L. Harrington. |
| 260 |
_aAmsterdam ; _aBoston : _bElsevier : _bMorgan Kaufmann Publishers, _cc2005. |
||
| 300 |
_axv, 365 p. : _bill. ; _c24 cm. |
||
| 650 | 0 |
_aComputer networks _xSecurity measures. |
|
| 856 | 4 | 2 |
_3Publisher description _uhttp://www.loc.gov/catdir/enhancements/fy0623/2005040077-d.html |
| 856 | 4 | 2 |
_3Table of contents only _uhttp://www.loc.gov/catdir/enhancements/fy0623/2005040077-t.html |
| 942 |
_cBK _k005.8 _2ddc |
||
| 999 |
_c6713 _d6713 |
||